000 00485nam a2200193Ia 4500
005 20140402154915.0
008 140130s9999 xx 000 0 und d
020 _a9780439597524
050 _aPZ 7
_b.N333 2003
100 _aNaylor, Phyllis Reynolds
_95149
245 _cPhyllis Reynolds Naylor.
_aShiloh /
260 _bScholastic,
_c2003.
_aUSA :
300 _a137 p.:
_c24 cm.
440 _v1
_931174
521 _aG7
526 _c890
942 _cBK
_2lcc
999 _c41267
_d41267